Most Guessed - The Letter “A” and “B” - Statistics

General Stats
  • This quiz has been taken 119 times
  • The average score is 4 of 12
Answer Stats
Quiz Answer % Correct
A Countries Australia
73%
B Countries Brazil
68%
A Foods Apple
53%
B Animals Bee
51%
B Cities Boston
41%
A Cities Amsterdam
36%
A Animals Alligator
30%
B Foods Bacon
10%
A People Albert Einstein
6%
B People Bill Gates
5%
B Movies Bambi
2%
A Movies Austin Powers
1%
No matching quizzes found
Score Distribution
Percent of People with Each Score
Percentile by Number Answered
Your Score History
You have not taken this quiz